000 00533nam a2200181Ia 4500
001 46700
008 140429s9999 xx 000 0 und d
020 _a0801483905
040 _cPK-LaUMT
082 _a 305.96864
_bORR-T
100 _aOrr, Julian E.
245 _aTalking about machines
_ban ethnography of a modern job
_cOrr, Julian E.
260 _aNew York,USA:
_bILR Press/Cornell University,
_c1996
300 _a172 p.
546 _aEN
650 _aPhotocopying machines-United States-Maintenance and repair
942 _cBK
999 _c44649
_d44649